00929nam a2200253 a 45000010008000000030004000080050017000120080041000290100017000700400013000870500023001000820014001232450086001372600086002233000027003094900031003365000053003675040041004205050079004616500049005407300021005897300016006108300049006264406570OSt20170215111718.0920826s1992 ilua b 001 0 eng  a 92206213  aDLCcDLC00aMT339.5b.W66 199200a788.222000aWoodwind anthology :ba compendium of woodwind articles from the Instrumentalist. aNorthfield, Ill. (200 Northfield Rd., Northfield) :bInstrumentalist Co.,cc1992. a2 v. :bill. ;c30 cm.1 aAnthology series ;vv. 1-2 aSome articles originally appeared in Flute talk. aIncludes bibliographies and indexes.0 av. 1. Flute, General articles -- v. 2. Clarinet, Saxophone, Oboe, Bassoon. 0aWoodwind instrumentsxInstruction and study.0 aInstrumentalist.0 aFlute talk. 0aAnthology series (Evanston, Ill.) ;vv. 1-2.